[Event "Danmarksmesterskabet 2023"]
[Site "Svendborg"]
[Date "2023.04.09"]
[Round "9"]
[White "Olsen, Filip Boe"]
[Black "Schandorff, Lars"]
[Result "1/2-1/2"]
[WhiteElo "2435"]
[BlackElo "2478"]
[PlyCount "60"]
[EventDate "2023.04.01"]
[EventType "tourn"]
[EventRounds "9"]
[EventCountry "DEN"]
[SourceTitle "Live v. Kasper Jerwiarz"]

1. d4 Nf6 2. c4 e6 3. Nc3 d5 4. cxd5 exd5 5. Bg5 c6 6. e3 h6 7. Bh4 Be7 8. Qc2
O-O 9. Bd3 Ne8 10. Bg3 Nd6 11. Nf3 Re8 12. O-O Bf8 13. h3 Be6 14. Rad1 Qc8 15.
Bh2 Nd7 16. Ne5 Nf6 17. Na4 Bf5 18. Nc5 Nfe4 19. Nxe4 Bxe4 20. Bxe4 Nxe4 21.
Qe2 f6 22. Nd3 Bd6 23. Bxd6 Nxd6 24. Nc5 Re7 25. Qh5 Qe8 26. Qxe8+ Raxe8 27. g3
Kf7 28. Kg2 h5 29. h4 Rh8 30. Rh1 Nf5 1/2-1/2